| 000 | 01327nam a2200277Ia 4500 | ||
|---|---|---|---|
| 999 |
_c40842 _d40842 |
||
| 001 | 7482 | ||
| 003 | GE_BSU | ||
| 005 | 20231220164625.0 | ||
| 008 | 181216s2006||||ge |||||||||||||| ||geo|| | ||
| 020 | _a9994067745 | ||
| 040 | _cGE_BSU | ||
| 041 | _ageo | ||
| 080 | _a821.111-2 ო-72 | ||
| 100 |
_aოსბორნი, ჯონ _920815 |
||
| 245 |
_aგანრისხებულმა მოიხედე : _bპიესა 3 მოქმედებად / _cჯონ ოსბორნი ; ინგლ. თარგმნ. ინგა მაცაბერიძე - პაპავამ ; რედ. მანანა ეჯიბია. |
||
| 250 | _a1-ლი გამოცემა | ||
| 264 |
_aთბილისი : _bკონსტანტინე, _c2006. |
||
| 300 |
_a136 გვ. ; _c16 სმ. |
||
| 500 | _aთარგმანი ეძღვნება ელენე შენგელიას ხსოვნას | ||
| 541 | _h15ლ. | ||
| 653 | _aგანრისხებულმა მოიხედე | ||
| 653 | _aპიესა | ||
| 700 |
_aმაცაბერიძე-პაპავა, ინგა _eმთარგმნელი _920816 |
||
| 700 |
_aეჯიბია, მანანა _eრედაქტორი _920817 |
||
| 942 |
_cBK _2udc |
||